00301nam a2200121Ia 4500008004100000082001600041100002400057245004200081250000800123260002300131300000900154650001600163191201s2012 xx 000 0 und d a621.38bBOC aBOYLESTAD, Robert L 0aElectronic Devices and Circuit theory a8th aN.DelhibPHIc2012 a1020 aB.Tech(ECE)